Регионална библиотека "Любен Каравелов" - Русе

Бохеми (Запис номер 448148)

MARC детайли
000 -Лидер
Контролно поле с фиксирана дължина nam a22 a 4500
003 - Код на организацията, давaща контролен номер
Контролно поле BLK
005 - Дата и час на последна редакция
Контролно поле 20220310122103.0
008 - Елементи от данни с фиксирана дължина
fixed length control field 220310b bul|||||r ||||||| ||bul||
040 ## - Източник на каталожния запис
Идентификатор на билиотеката - собственик на записа BLK
041 ## - Код за език
Код за езика на текст/звукозапис или на отделно заглавие Български
Код за езика КДБФ Български
080 ## - УДК
Текстов определител УДК Театрална музика. Опера. Оперета. Балет
УДК код - определител по УДК 782
УДК определител (497.2)(062)
УДК - код + определител 782(497.2)(062)
110 ## - Редна дума - колетивен орган
9 (RLIN) 457831
Редна дума - наименование на организация или юридическо лице Народна опера
Друга информация София
139 ## - Редно поле
Авторски знак Наро - Н 25
245 10 - Сведения за заглавието
Заглавие Бохеми
Подзаглавни данни Опера в четири действия
Редно поле (дума) Музика от Джакомо Пучини
Физически носител (вид на носителя) [Малотир. изд.]
257 ## - Страна на издаване
Страна на създаване/издаване България
260 ## - Област на издателските данни
Място на издаване, разпространение и проч. София
Име на издателя, разпространителя и проч. б. и.
Година на издаване 1946
9 (RLIN) 441842
Печатница София, печ. Гладстон
300 ## - Физическа характеристика
Страници 32 с., 4 с.
Илюстрации и др. с граф. портр.
Размери/Мащаб 24 см
380 ## - Жанр
Жанр Изкуство
500 ## - Общи забележки
Забележка Либрето ДЖ. Джакоза, Диригент Ас. Найденов, Постановка П. И. Румянцев.<br/>
501 ## - Забележка „подвързано към”
Забележка: Подвързано към... Народна опера - Русе, Бохеми, опера в 4 действ., музика Джакомо Пучини - Русе, 1951
505 ## - Форматирана забележка
Авторската отговорност П. И. Румянцев
Заглавие За постановката на Бохеми
505 ## - Форматирана забележка
Авторската отговорност Съдържание
505 ## - Форматирана забележка
Авторската отговорност Петър Увалиев
Заглавие Бохемите и тяхното време
505 ## - Форматирана забележка
Заглавие Първи критики за "Бохеми"
505 ## - Форматирана забележка
Авторската отговорност Иван Камбуров
Заглавие Джакомо Пучини
653 #7 - Ключова дума – ненормативна
Ключова дума опера
9 (RLIN) 192829
852 ## - Местоположение
Форматна сигнатура Цб 311365
Фондова буква Хранилище
856 4# - Електронен адрес и достъп
Електронен формат pdf - файл
856 4# - Електронен адрес и достъп
Електронен формат pdf - файл
999 ## - СИСТЕМНИ КОНТРОЛНИ НОМЕРА
Koha biblionumber 448148
Koha biblioitemnumber 448148
942 ## - АРТИКУЛИ
Вид на библиотечния материал Книги
Скрит в OPAC Не
Периодичен библиозапис Да
944 ## - СЪЗДАВАНЕ И РЕДАКЦИЯ на ЗАПИСА
Създаване/Редакция Създаване
Дата на регистрацията/редакция 2022-03-10
Служител, извършил регистрацията/редакцията А.М.
Наличности
Код за отписване Код за изгубен артикул Източник на класификационната схема Код за повреда Коз за рестрикции Код за отдаване Артикулен № Име на библиотеката - собственик Име на библиотеката, в която се намира в момента Статус (Текущо местоположение) Дата на вписване в системата Местоположение - отдел Цена в лева Систематично азбучна сигнатура Баркод Цена в евро Служебен тип на артикула
  Не е изгубен Universal Decimal Classification Не е повреден само за читалня ползва се в читалня 875505 Регионална библиотека "Любен Каравелов" Русе Регионална библиотека "Любен Каравелов" Русе Хранилище 2022-03-15 Основен фонд - ползва се само за читалня 2.00 Цб 311365 120000868536 1.02 Книги
Vip Innovations Ltd, Rousse, Bulgaria 2025